Ультразвуковой контроль аустенитных сварных соединений трубопроводов Ду-300; Дефектоскопия; № 10

Бібліографічні деталі
Parent link:Дефектоскопия.— , 1965-.— 0130-3082
№ 10.— 2006.— С. 59-71
Автор: Разыграев А. Н.
Інші автори: Разыграев Н. П.
Мова:Російська
Опубліковано: 2006
Серія:Акустические методы
Предмети:
Формат: Частина з книги
KOHA link:https://koha.lib.tpu.ru/cgi-bin/koha/opac-detail.pl?biblionumber=429004

MARC

LEADER 00000naa2a2200000 4500
001 429004
005 20231101074905.0
035 |a (RuTPU)RU\TPU\prd\88682 
035 |a RU\TPU\prd\48248 
090 |a 429004 
100 |a 20101025a2006 k y0rusy50 ca 
101 0 |a rus 
102 |a RU 
200 1 |a Ультразвуковой контроль аустенитных сварных соединений трубопроводов Ду-300  |f А. Н. Разыграев, Н. П. Разыграев 
225 1 |a Акустические методы 
461 0 |0 (RuTPU)RU\TPU\prd\151  |x 0130-3082  |t Дефектоскопия  |d 1965- 
463 0 |0 (RuTPU)RU\TPU\prd\88675  |t № 10  |v С. 59-71  |d 2006 
610 1 |a аустенитные трубопроводы 
610 1 |a ультразвуковой контроль 
610 1 |a повреждения 
610 1 |a коррозийное растрескивание 
610 1 |a водоуравнительные трубопроводы 
610 1 |a атомные электрические станции 
675 |a 620.179.16  |v 3 
700 1 |a Разыграев  |b А. Н. 
701 1 |a Разыграев  |b Н. П. 
801 1 |a RU  |b 63413507  |c 20061215  |g PSBO 
801 2 |a RU  |b 63413507  |c 20140205  |g RCR 
942 |c BK